000 00611nam a2200205 4500
001 138657
003 ES-MaACL
005 20230906195616.0
007 t|
008 070214s1947 ag r ||||1| spa d
100 1 _aSantayana, George.
_9103357
245 1 3 _aLa idea de Cristo en los Evangelios /
_cGeorge Santayana ; traducción de Demetrio Náñez.
260 _aBuenos Aires :
_bEd. Sudamericana,
_c1947.
300 _a335 p. ;
_c21 cm.
490 1 _aFilosofía
700 1 _aNáñez, Demetrio.
_984908
830 0 _aFilosofía
_9177836
852 _aES-MaACL
_jF-5255
_bR.26593
999 _c138657
_d138657